000 01496cam a2200265 4500
001 35780
003 BD-RjUL
005 20211209052358.0
008 140609s1921 e b 001 0 eng d
035 _a(BD-RjUL)35875
040 _aDLC
_cDLC
_dBD-RjUL
_beng
041 _aeng
082 0 0 _a320.9
_bCAH V-5 1928
100 1 _aCarlyle, R. W.
_q(Robert Warrand),
_d1859-1934.
_9108980
245 0 2 _aA history of mediƦval political theory in the West /
_cby Sir R. W. Carlyle and A. J. Carlyle.
_nVol. V
_pThe political theory of the thirteenth century
260 _aEdinburgh ;
_aLondon :
_bW. Blackwood & sons ltd.,
_c1928.
300 _axx, 494 p. ;
_c23 cm.
504 _aTexts of authorities referred to in each volume.
505 0 _aI. The second century to the ninth, by A. J. Carlyle, 3d ed. 1930.--II. The political theory of the Roman lawyers and the canonists, from the tenth century to the thirteenth century, by A. J. Carlyle. 2d impression. 1928.--III. Political theory from the tenth century to the thirteenth, by A. J. Carlyle. 1928.--IV. The theories of the relation of the empire and the papacy from the tenth century to the twelfth, by A. J. Carlyle. 2d impression. 1932.--V. The political theory of the thirteenth century. 1928.--VI. Political theory from 1300 to 1600. 1936.
650 0 _aPolitical science
_xHistory.
_9108981
700 1 _aCarlyle, A. J.
_q(Alexander James),
_d1861-1943.
_9108982
942 _2ddc
_cBK
999 _c35780
_d35780